00267nam a2200109Ia 4500008004100000041000800041082002300049100001800072245002000090260003800110300000900148230411s9999 xx 000 0 und d aeng aE/616.2/PRA/B07490 aPrabhat Divya aDiseases of ENT bNational Book DepotaMumbaic2007 a290p